LEADER 03377 am 2200469 n 450 001 9910496037503321 005 20200110 010 $a2-7574-2669-9 024 7 $a10.4000/books.septentrion.74703 035 $a(CKB)5590000000006654 035 $a(FrMaCLE)OB-septentrion-74703 035 $a(oapen)https://directory.doabooks.org/handle/20.500.12854/87045 035 $a(PPN)251072584 035 $a(EXLCZ)995590000000006654 100 $a20201123j|||||||| ||| 0 101 0 $afre 135 $auu||||||m|||| 181 $ctxt$2rdacontent 182 $cc$2rdamedia 183 $acr$2rdacarrier 200 10$aAux frontières. Sur Jacques Réda /$fPascale Rougé 210 $aVilleneuve d'Ascq $cPresses universitaires du Septentrion$d2020 215 $a1 online resource (192 p.) 225 1 $aObjet 311 $a2-85939-754-X 330 $aRéda marche, qui s?en étonnerait ? Il s?engage dans une rue ? la première venue est toujours la bonne ?, tombe sur une impasse, rebrousse chemin, s?arrête pile pour suivre des yeux le jeu des nuages, peste contre les automobilistes, remonte un boulevard, échange quelques mots avec un passant, emprunte une ruelle, tombe en arrêt devant une vitrine de jouets anciens, remonte un boulevard, achète La Vie du rail. Ses pas composent ainsi un jardin aux sentiers qui bifurquent. Peu lui importe de se perdre : on est toujours perdu. Le fil d?Ariane, celui que le critique voudrait lui nouer à la patte, pour pouvoir le suivre ? le filer ?, il l?arrache aussitôt, avec impatience. Que cherche-t-il ? Il ressemble à un homme qui aurait perdu quelque chose et qui n?aurait de cesse de le retrouver. Mais voilà, et c?est une difficulté de taille, il ne sait plus ce qu?il a perdu. Peut-être même, cet objet, l?a-t-il aperçu, pris en main, puis rejeté. C?est ainsi que dans les contes le héros croise la bonne fée sans lui accorder plus d?importance qu?à une personne ordinaire et ne se rend compte qu?après de sa méprise. Trop tard ! Aussi est-il un écrivain mélancolique, c?est-à-dire un artiste condamné à chercher inlassablement un objet perdu sans remède. Sans autre remède, en tout cas, que de continuer à lancer sa phrase à l?aveuglette, une phrase, puis une autre, et une autre encore. Chacune vient s?enrouler autour de ce centre absent. Cette recherche inquiète n?en est pas moins drôle. Le saturnien, par pudeur et pour la tenir à distance, retourne sa détresse en humour, constituant ainsi un mélange instable, mobile, capricieux. Nous avons donc suivi Réda dans sa course, d?un bord à l?autre de son ?uvre, tantôt de loin, tantôt presque au coude à coude. Nous aurions aimé le lui retrouver, cet objet perdu, et le lui offrir, à supposer qu?il existe. Rien n?est moins sûr. A défaut, ce petit livre d?accompagnement. 606 $aLiterature (General) 606 $alittérature 606 $afrontière 610 $alittérature 610 $afrontière 615 4$aLiterature (General) 615 4$alittérature 615 4$afrontière 676 $a841/.914 700 $aRougé$b Pascale$01234543 701 $aRéda$b Jacques$0159143 801 0$bFR-FrMaCLE 906 $aBOOK 912 $a9910496037503321 996 $aAux frontières. Sur Jacques Réda$93025985 997 $aUNINA LEADER 03545oam 2200661 a 450 001 9910780200303321 005 20231023182042.0 010 $a1-84964-048-3 010 $a1-281-73311-3 010 $a9786611733117 010 $a0-585-42589-2 035 $a(CKB)111056486517360 035 $a(SSID)ssj0000110146 035 $a(PQKBManifestationID)11988565 035 $a(PQKBTitleCode)TC0000110146 035 $a(PQKBWorkID)10065047 035 $a(PQKB)10238902 035 $a(SSID)ssj0000517240 035 $a(PQKBManifestationID)12232992 035 $a(PQKBTitleCode)TC0000517240 035 $a(PQKBWorkID)10488194 035 $a(PQKB)11375644 035 $a(MiAaPQ)EBC3386556 035 $a(Au-PeEL)EBL3386556 035 $a(CaPaEBR)ebr10480200 035 $a(CaONFJC)MIL173311 035 $a(OCoLC)923334245 035 $a(EXLCZ)99111056486517360 100 $a19980903d1999 uy 0 101 0 $aeng 135 $aurcn||||||||| 181 $ctxt$2rdacontent 182 $cc$2rdamedia 183 $acr$2rdacarrier 200 00$aBeing there $efieldwork in anthropology /$fedited by C.W. Watson 210 $aLondon ;$aSterling, Va. $cPluto Press$dc1999 215 $a1 online resource (vii, 169 pages) 225 1 $aAnthropology, culture, and society 300 $aBibliographic Level Mode of Issuance: Monograph 311 0 $a0-7453-1492-9 311 0 $a0-7453-1497-X 320 $aIncludes bibliographical references and index. 327 $aThe quality of being there / C.W. Watson Fictions of fieldwork: depicting the 'self' in ethnographic writing (Italy) / Cris Shore Location and relocation: home, 'the field' and anthropological ethics (Sylhet, Bangladesh) / Katy Gardner On ethnographic experience: formative and informative (Nias, Indonesia) / Andrew Beatty Learning to be friends: participant observation amongst English schoolchildren (the Midlands, England) / Allison James The end in the beginning: New Year at Rizong (the Himalayas) / Anna Grimshaw A diminishment: a death in the field (Kerinci, Indonesia) / C.W. Watson 330 $a"The nature of anthropological fieldwork changes from generation to generation, reflecting current personal, moral and political issues. This collection addresses the central position of fieldwork in modern social anthropology, examining previous works on the subject and locating a discussion of the nature of fieldwork within the context of current theoretical debates. Central to this analysis are the personal accounts of six anthropologists, all trained in the tradition of social anthropology and working in a variety of different social, economic and environmental settings - Italy, the Himalayas, Northern England, Bangladesh and Indonesia. Each example is a discussion of the close relationship which anthropologists establish with friends and informants in the field. Collectively they describe the varying ways in which that closeness affects the nature of the anthropologists' observation, as well as an understanding of themselves and their discipline."--Book description 410 0$aAnthropology, culture, and society. 606 $aAnthropology$xFieldwork 606 $aAnthropology$xPhilosophy 615 0$aAnthropology$xFieldwork. 615 0$aAnthropology$xPhilosophy. 676 $a301/.07/23 701 $aWatson$b C. W$01546647 801 0$bMiAaPQ 801 1$bMiAaPQ 801 2$bMiAaPQ 906 $aBOOK 912 $a9910780200303321 996 $aBeing there$93802431 997 $aUNINA LEADER 06105oam 2201177 c 450 001 9910136242603321 005 20260302090207.0 010 $a9783839436462 010 $a383943646X 024 7 $a10.14361/9783839436462 035 $a(CKB)3710000000915712 035 $a(MiAaPQ)EBC4772670 035 $a(DE-B1597)473414 035 $a(OCoLC)960616790 035 $a(OCoLC)962065629 035 $a(DE-B1597)9783839436462 035 $a(transcript Verlag)9783839436462 035 $a(Perlego)1462895 035 $a(EXLCZ)993710000000915712 100 $a20260302d2016 uy 0 101 0 $ager 135 $aurcnu|||||||| 181 $2rdacontent 182 $2rdamedia 183 $2rdacarrier 200 00$aGentrifizierung in Berlin$eVerdrängungsprozesse und Bleibestrategien$fIlse Helbrecht 205 $a1st ed. 210 $aBielefeld$ctranscript Verlag$d2016 215 $a1 online resource (329 pages) 225 0 $aUrban Studies 300 $aGentrification is likely the largest area of conflict in current urban development policy ? because gentrification means that poorer socio-cultural groups are being threatened with displacement by the more prosperous. Although this development is obvious, German and international research has so far only concerned itself with the socio-structural upgrade of certain districts. The consequences for those displaced have so far remained unobserved. Where are they supposed to move to? What does displacement from their historic districts mean for them? What strategies of resistance exist? Using the example of Berlin, the German "capital of gentrification," the contributions in this volume pursue these urgent questions via innovative methods. 311 08$a9783837636468 311 08$a3837636461 320 $aIncludes bibliographical references. 327 $aFrontmatter 1 Inhalt 5 Danksagung 7 Gentrification und Verdra?ngung 9 Gentrification-Hotspots und Verdra?ngungsprozesse in Berlin 17 Black Box Verdra?ngung: Bleiben im Kiez oder Wegzug an den Rand? 45 Wohin (ver-)dra?ngt es die Kreuzberger_innen? Wohin ziehen die Verdra?ngten innerhalb eines Gentrification-Prozesses? 69 Die statemade-rental-gap: Gentrification im Sozialwohnungsbau 107 Kotti&Co 151 Die Wohnsituation von ALG-IIEmpfa?nger_ innen in Berlin 185 Leben im Wohnwagen - ein Pha?nomen der Verdra?ngung? 215 Wieso - Weshalb - Wohin? 257 GentriMap: Ein Messmodell fu?r Gentrification und Verdra?ngung 287 Autorinnen und Autoren 319 330 $aGentrifizierung ist das vermutlich größte Konfliktfeld der aktuellen Stadtentwicklungspolitik ? denn Gentrifizierung bedeutet, dass ärmere Bevölkerungsgruppen von wohlhabenderen Schichten aus ihren Wohngebieten verdrängt werden. Obwohl diese Entwicklung offensichtlich ist, hat sich die deutsche und internationale Forschung bisher nur mit der baulich-sozialen Aufwertung von Quartieren beschäftigt. Die Folgen für die Verdrängten blieben bisher so gut wie unbeachtet. Wohin ziehen sie? Was bedeutet die Verdrängung aus dem angestammten Quartier für sie? Welche Bleibestrategien gibt es? Am Beispiel von Berlin, der deutschen »Hauptstadt der Gentrification«, gehen die Beiträge des Bandes diesen drängenden Fragen mit innovativen Methoden nach. 330 1 $a»Der Sammelband dient dazu, das Feld der Gentrifizierungsforschung in Berlin zu bereichern und auszudifferenzieren und zeigt, dass nicht nur etablierte Forscher_innen in der Lage sind, wertvolles Wissen zu erzeugen, das für die sozialen Stadtbewegungen von entscheidender Bedeutung sein kann.« 330 1 $a»Fundiert und hochinteressant.« 330 1 $a»Das Buch [gibt] interessante Einblicke in ein Thema, das Berlin wohl noch lange begleiten wird.« 330 1 $aBesprochen in:Planerin, 5 (2016)Forum Wohnen und Stadtentwicklung, 6 (2016) 330 1 $aDas Buch [ist] lesenwert und bringt auch Erkenntnisse,die wohl nur durch eine an der Universität erfolgende systematische Betrachtung möglich sind.« 330 1 $a»Dieser Band [ist] ein Muss für alle an dem Thema Interessierten. Er hat vor allem das politisch wichtige Verdienst, zur Differenzierung beizutragen.« 410 0$aUrban studies (Bielefeld, Germany) 517 2 $aHelbrecht (Hg.), Gentrifizierung in Berlin$eVerdrängungsprozesse und Bleibestrategien 606 $aGentrification 606 $aGentrifizierung 606 $aVerdrängung 606 $aDisplacement 606 $aBerlin 606 $aWohnungsmarkt 606 $aHousing Market 606 $aStadt 606 $aCity 606 $aUrban Planning 606 $aStadtplanung 606 $aBevölkerung 606 $aPopulation 606 $aPolitik 606 $aPolitics 606 $aSoziale Ungleichheit 606 $aSocial Inequality 606 $aUrban Studies 606 $aSoziale Bewegungen 606 $aSocial Movements 606 $aZivilgesellschaft 606 $aCivil Society 606 $aSoziologie 606 $aSociology 615 4$aGentrification 615 4$aGentrifizierung 615 4$aVerdrängung 615 4$aDisplacement 615 4$aBerlin 615 4$aWohnungsmarkt 615 4$aHousing Market 615 4$aStadt 615 4$aCity 615 4$aUrban Planning 615 4$aStadtplanung 615 4$aBevölkerung 615 4$aPopulation 615 4$aPolitik 615 4$aPolitics 615 4$aSoziale Ungleichheit 615 4$aSocial Inequality 615 4$aUrban Studies 615 4$aSoziale Bewegungen 615 4$aSocial Movements 615 4$aZivilgesellschaft 615 4$aCivil Society 615 4$aSoziologie 615 4$aSociology 676 $a307.2 686 $aLB 72032$2rvk 702 $aHelbrecht$b Ilse$p
Ilse Helbrecht, Humboldt-Universität zu Berlin, Deutschland
$4edt 801 0$bDE-B1597 801 1$bDE-B1597 906 $aBOOK 912 $a9910136242603321 996 $aGentrifizierung in Berlin$92589094 997 $aUNINA